Pokemon or Pal - Sudden Death #1 - Statistics

General Stats
  • This quiz has been taken 706 times
  • The average score is 15 of 22
Answers on the Grid
Answers color-coded by a green-red scale on the quiz's grid according to % correct below.
Direhowl
Foxparks
Beegarde
Tanzee
Celaray
Dragostrophe
Relaxaurus
Katress
Teafant
Lamball
Nitewing
Ribunny
Felbat
Chillet
Centiskorch
Flapple
Greedent
Spinda
Baxcalibur
Vaporeon
Shinx
Miltank
Tangela
Mewtwo
Blaziken
Furfrou
Dratini
Noibat
Sinistea
Dracozolt
Cobalion
Beldum
Ditto
Gligar
Cosmog
Lopunny
 
Answer Stats
Answer % Correct
Mewtwo
83%
Ditto
81%
Vaporeon
79%
Dratini
77%
Lopunny
75%
Shinx
74%
Blaziken
73%
Miltank
72%
Tangela
72%
Gligar
71%
Beldum
69%
Noibat
68%
Cosmog
67%
Furfrou
66%
Spinda
66%
Sinistea
63%
Cobalion
60%
Centiskorch
58%
Flapple
58%
Baxcalibur
57%
Dracozolt
55%
Greedent
55%
No matching quizzes found
Score Distribution
Percent of People with Each Score
Percentile by Number Answered
Your Score History
You have not taken this quiz